000
00192nam a22000857a 4500
040
_c
SCME
100
_a
Ye Xiaowen
245
_a
Pluralismand harmony in the religions of china
942
_2
ddc
_c
BK
999
_c
589568
_d
589568